Miasta z największą liczbą zagranicznych ambasad - Statystyki

Ogólne statystyki
  • Ten quiz został rozwiązany 218 razy
  • Średni wynik to 15 z 21
Statystyki odpowiedzi
# Miasto % Poprawnych
168 Londyn
96%
158 Paryż
96%
148 Moskwa
94%
177 Waszyngton
94%
160 Berlin
93%
121 Madryt
93%
166 Pekin
93%
153 Tokio
92%
140 Rzym
91%
130 Ottawa
75%
183 Bruksela
73%
141 Kair
70%
110 Seul
69%
107 Sztokholm
65%
131 Brasília
63%
150 Delhi
62%
117 Wiedeń
61%
125 Ankara
60%
133 Pretoria
33%
107 Haga
19%
108 Addis Abeba
8%
Nie znaleziono quizów pasujących do podanych kryteriów
Rozkład punktacji
Procent ludzi z każdym wynikiem
Percentyl według liczby udzielonych odpowiedzi
Twoja historia wyników
Nie rozwiązałeś tego quizu